[Event "Summer Chess Classic A 2018"]
[Site "Saint Louis"]
[Date "2018.05.16"]
[Round "2"]
[White "Prohaszka, Peter"]
[Black "Fridman, Daniel"]
[Result "1/2-1/2"]
[WhiteElo "2613"]
[BlackElo "2636"]
[Annotator "TA"]
[PlyCount "78"]
[EventDate "2018.??.??"]
[EventType "tourn"]
[EventCountry "USA"]
[SourceTitle "playchess.com"]
[Source "ChessBase"]
[SourceQuality "1"]

{[%evp 21,78,0,0,0,6,0,0,6,30,33,16,19,31,18,46,46,52,42,51,47,50,48,44,33,51,0,11,0,0,0,0,0,0,0,0,0,0,0,0,0,0,0,0,0,5,0,0,0,0,0,0,0,0,0,-5,-5,0,0,0]} 1. d4 d5 2. c4 e6 3. Nf3 Nf6 4. g3 dxc4 5. Bg2 c5 6. O-O Nc6 7. dxc5 Qxd1 {E04: Open Catalan: 5 Nf3} 8. Rxd1 Bxc5 9. Nfd2 Na5 10. Na3 Bxa3 11. bxa3 Bd7 {LiveBook: 3 Games} (11... Nd5 12. Ne4 O-O 13. Bd2 b6 14. Rac1 Ba6 15. Bxa5 bxa5 {1-0 (39) Carlsen,M (2837)-Harikrishna,P (2744) Riadh 2017}) 12. Bb2 {[#] Black must now prevent Bc3.} Rc8 {Threatens to win with ...c3.} 13. Bc3 b6 14. Rdc1 O-O 15. Bxa5 bxa5 16. Nxc4 Bb5 $146 17. Nxa5 Bxe2 18. Nc6 Rc7 19. Nd4 Rxc1+ $1 20. Rxc1 Bd3 21. Nc6 a6 22. a4 h6 23. Nb4 Be2 $1 {The position is equal.} 24. Bb7 Rb8 $1 {[%cal Rb8b7]} 25. Rc8+ Rxc8 26. Bxc8 $11 {[%mdl 4096] Endgame KBN-KBN} a5 27. Nc6 Nd5 28. Nxa5 Nb6 29. Bb7 Nxa4 30. Bc6 Nc3 31. a3 $1 Kf8 32. f4 Ke7 33. Kf2 Kd6 34. Be8 f5 35. Ke3 Ba6 36. Nb3 g5 37. Kd4 Ne2+ 38. Ke3 Nc3 39. Kd4 Ne2+ {Precision: White = 86%, Black = 88%.} 1/2-1/2

[Event "Summer Chess Classic A 2018"]
[Site "Saint Louis"]
[Date "2018.05.17"]
[Round "3"]
[White "Xiong, Jeffery"]
[Black "Durarbayli, Vasif"]
[Result "0-1"]
[WhiteElo "2661"]
[BlackElo "2618"]
[Annotator "TA"]
[PlyCount "118"]
[EventDate "2018.??.??"]
[EventType "tourn"]
[EventCountry "USA"]
[SourceTitle "playchess.com"]
[Source "ChessBase"]
[SourceQuality "1"]

{[%evp 17,118,25,26,26,26,26,26,25,26,26,28,22,32,24,34,25,29,0,0,0,0,-4,-4,-4,-6,-8,0,0,0,0,0,0,0,0,0,0,0,0,0,0,0,0,0,0,0,-18,-17,-148,-172,-273,-233,-264,-274,-273,-271,-270,-261,-258,-258,-267,-226,-201,-215,-285,-272,-260,-283,-268,-266,-255,-236,-331,-332,-325,-290,-840,-756,-742,-552,-581,-383,-1964,-1816,-1280,-1402,-1536,-1100,-600,-16,-16,-25,-25,-25,-26,0,0,0,-29978,-29979,-29978,-29979,-29978,-29980]} 1. d4 Nf6 2. c4 g6 3. Nc3 d5 4. Bg5 Bg7 5. Bxf6 Bxf6 6. cxd5 c6 7. e4 {D80: Grünfeld: Unusual White 4th moves and 4 Bg5} O-O 8. e5 (8. Nf3 cxd5 9. e5 Bg7 10. Qd2 Nc6 11. Bb5 Bg4 12. Ng1 f6 13. h3 Be6 14. exf6 Rxf6 15. Bxc6 bxc6 {½-½ (77) Nakamura,H (2792)-Kasparov,G (2812) Saint Louis 2017}) 8... Bg7 9. Bc4 b5 {LiveBook: 20 Games} 10. Be2 b4 11. Na4 cxd5 $146 ({Predecessor:} 11... Qxd5 12. Nf3 Ba6 13. Nc5 Bxe2 14. Qxe2 Nd7 15. Nxd7 Qxd7 {½-½ (47) Torma,R (2484)-Nguyen,T (2487) Budapest 2017}) 12. Nf3 Bg4 13. O-O Qa5 14. b3 Bxf3 15. Bxf3 ({Don't play} 15. gxf3 Bh6 $15) 15... e6 16. Qd2 Nd7 17. a3 Rfb8 18. Rfc1 Bf8 19. Bd1 Rc8 20. Be2 Rab8 21. g3 Qd8 22. axb4 Bxb4 23. Qe3 Be7 24. h4 h5 25. Ba6 Rxc1+ 26. Rxc1 Qa5 27. Qd3 Kg7 28. Kg2 Rb4 29. Bc8 Qd8 30. Ba6 Nb8 31. Bb5 Bxh4 32. gxh4 (32. Nc5 $11) 32... Qxh4 $17 33. Rd1 (33. Rc3 $142) 33... Qg4+ 34. Kh2 {[#]} Rxb5 $1 {[%mdl 512]} 35. Qxb5 Qxd1 36. Qxb8 Qxd4 37. Kg1 h4 {( -> ...h3)} 38. Qb5 Qxe5 39. Qd3 d4 40. Nb2 Qg5+ 41. Kh2 Qf4+ 42. Kg2 e5 43. Nc4 f5 {[%cal Bf7f5,Bf5g4,Bg4g3][%mdl 32]} 44. Nd6 (44. b4 {was the only chance.}) 44... Kh6 $19 45. Nf7+ Kh5 {And now ...Qg4+ would win.} ({Resist} 45... Kg7 46. Nd6 $19) 46. Qe2+ $2 (46. Kf1 Qc1+ 47. Kg2 Qc6+ 48. Kg1) 46... Qg4+ 47. Qxg4+ fxg4 48. Nxe5 {[%mdl 4096] Endgame KN-KP} Kg5 49. f3 $2 (49. Nd3 Kf5 50. Nc5) 49... g3 50. Nd3 Kf5 51. Kh3 g5 52. Kg2 g4 $2 (52... Ke6 $19 {...Kf5 is the strong threat.} 53. Nc5+ Kf5) 53. fxg4+ $1 $11 Kxg4 {White must now prevent ...h3+.} 54. Ne5+ Kf4 55. Ng6+ $1 Ke4 (55... Kg5 $5 {[%cal Rg5g6]} 56. Ne5 Kf6 $15) 56. Nxh4 d3 {aiming for ...d2.} 57. Nf3 $2 {[%mdl 8192] [#]} (57. Kf1 $11) 57... a5 $1 {Black mates.} 58. Nd2+ Ke3 59. Nf1+ Ke2 {Precision: White = 53%, Black = 91%.} 0-1

[Event "Summer Chess Classic A 2018"]
[Site "Saint Louis"]
[Date "2018.05.17"]
[Round "3"]
[White "Fridman, Daniel"]
[Black "Zherebukh, Yaroslav"]
[Result "1/2-1/2"]
[WhiteElo "2636"]
[BlackElo "2628"]
[Annotator "TA"]
[PlyCount "66"]
[EventDate "2018.??.??"]
[EventType "tourn"]
[EventCountry "USA"]
[SourceTitle "playchess.com"]
[Source "ChessBase"]
[SourceQuality "1"]

{[%evp 10,66,33,19,15,-25,6,-16,-8,-4,0,0,0,0,0,0,24,0,50,8,15,-13,-16,-8,-8,-12,-12,-12,-12,-12,-14,-8,-14,-36,0,-24,-9,-15,-16,-16,-14,-18,-8,-17,-4,-5,-6,-19,-14,-10,0,-14,-12,-8,0,0,0,-3,0]} 1. Nf3 Nf6 2. c4 e6 3. g3 d5 4. d4 dxc4 5. Bg2 Nc6 6. Qa4 {[%mdl 1024] White has compensation.} Bb4+ {E04: Open Catalan: 5 Nf3} 7. Nc3 (7. Bd2 $5 {[%cal Rd2b4]} Nd5 8. Bxb4 Ndxb4 9. O-O $11) (7. Bd2 Nd5 8. Bxb4 Ndxb4 9. Ne5 O-O 10. Nxc6 Nxc6 11. e3 e5 12. d5 Ne7 13. Qxc4 c6 14. dxc6 Nxc6 15. Nc3 Be6 16. Qb5 Qb6 17. Qxb6 axb6 {½-½ (31) Wojtaszek,R (2744)-Mamedyarov,S (2814) Shamkir 2018}) 7... Nd7 $146 ({Predecessor:} 7... Nd5 8. O-O O-O 9. Qc2 Be7 10. Rd1 Rb8 11. h4 h6 12. Bd2 b5 13. Qc1 Re8 14. a3 {0-1 (23) Bosiocic,M (2580)-Harika,D (2516) Moscow 2012}) 8. O-O Nb6 9. Qc2 Be7 10. Rd1 O-O 11. e4 Bd7 12. Qe2 Qc8 13. Bf4 Bd6 14. Be3 e5 15. dxe5 (15. d5 {feels hotter.} Nb4 16. a3 Nd3 17. b3 f6 18. a4) 15... Nxe5 16. Nxe5 Bxe5 17. Rac1 Re8 18. Rd2 Bc6 19. Bxb6 axb6 20. Qxc4 Qe6 21. Qxe6 Rxe6 (21... fxe6 {is more complex.} 22. f4 Bxc3 23. Rxc3 Rxa2 24. e5 Ra1+) 22. a3 Rd6 23. Rxd6 {The position is equal.} Bxd6 24. f4 f6 25. Rd1 Kf8 26. Kf2 b5 27. Nd5 Be8 28. Kf1 Ra4 29. Bf3 Ra8 30. Kg2 Rd8 31. Ne3 Be7 32. Nd5 Bd6 33. Ne3 Be7 {Precision: White = 65%, Black = 68%.} 1/2-1/2

[Event "Summer Chess Classic A 2018"]
[Site "Saint Louis"]
[Date "2018.05.17"]
[Round "3"]
[White "Jumabayev, Rinat"]
[Black "Akobian, Varuzhan"]
[Result "0-1"]
[WhiteElo "2621"]
[BlackElo "2641"]
[Annotator "TA"]
[PlyCount "114"]
[EventDate "2018.??.??"]
[EventType "tourn"]
[EventCountry "USA"]
[SourceTitle "playchess.com"]
[Source "ChessBase"]
[SourceQuality "1"]

{[%evp 18,114,36,17,55,12,18,12,21,16,33,21,60,45,72,64,70,65,72,72,77,60,68,71,67,18,34,0,9,14,12,0,0,-13,12,8,0,0,2,0,0,0,8,0,0,0,0,0,0,0,0,0,4,0,0,0,16,0,0,-26,-41,-47,0,0,0,0,0,0,52,56,38,27,81,58,48,51,123,0,0,0,0,0,0,-56,-66,-61,0,-133,-133,-633,-435,-842,-843,-787,-744,-556,-497,-792,-787]} 1. Nf3 Nf6 2. g3 d5 3. Bg2 c6 4. c4 Bf5 5. O-O e6 6. cxd5 cxd5 7. Qb3 Qb6 8. Qxb6 axb6 9. d3 Nc6 10. Nc3 Bg4 {A11: English Opening: 1...c6} (10... Bc5 11. Nh4 Bg6 12. Bd2 Ke7 13. Rfc1 Rhc8 14. Nxg6+ hxg6 15. h3 Ne8 16. Kf1 Nd6 17. Be1 Nf5 18. Rab1 {½-½ (36) Meier,G (2650)-Bu,X (2730) Riadh 2017}) 11. Bd2 Bc5 12. h3 Bxf3 {The position is equal.} 13. Bxf3 Ke7 {[#]} 14. Rfc1 $146 ({Predecessor:} 14. Bg2 h6 15. Rfc1 Rhd8 16. Kf1 Bd4 17. e3 Be5 18. d4 {1-0 (78) Grigoryan,K (2602)-Lopez Martinez,J (2535) Lorca 2015}) 14... Ra6 15. Nb5 Kd7 16. e3 Rc8 17. a3 Raa8 18. Kg2 Be7 19. g4 h6 20. Bd1 Ne8 21. Nc3 Nd6 22. f4 Bf6 23. Rab1 g5 24. Ne2 b5 25. Bb3 Na5 (25... h5 {seems wilder.} 26. gxh5 gxf4 27. Nxf4 Nf5 28. e4 Rg8+) 26. Rxc8 Nxc8 27. Bc2 Nd6 28. Ng1 Nc6 29. Nf3 Ke7 30. h4 {[%cal Rh4g5]} gxf4 31. exf4 h5 32. g5 Bg7 33. Bd1 Nf5 34. Kh3 Rh8 35. a4 b4 {[#]} 36. a5 $1 {[%mdl 512]} Ra8 (36... Nxa5 37. Bxb4+) 37. Ne1 Bd4 38. Ng2 Ng7 39. Ba4 Bc5 40. Rc1 Kd6 ({Wrong is} 40... Rxa5 $2 41. Bxc6 Bd6 42. Bxb7 $18) 41. Bxc6 bxc6 42. Ne1 Nf5 (42... d4 $1 $11) 43. Nf3 $14 Ra7 44. Ne5 Rc7 (44... Rxa5 $11 45. Nxf7+ Kc7) 45. a6 Ra7 46. Ra1 b3 (46... Bd4 $14) 47. Rc1 (47. Bc3 $16) 47... Rxa6 $11 48. Nxf7+ Ke7 49. Ne5 Kd6 50. g6 ({Better is} 50. Nf7+ $11 Ke7 51. Ne5 (51. Rxc5 Kxf7 52. Ba5 Ra7 $15)) 50... Bd4 $15 51. Bb4+ c5 (51... Kc7 $1 $15 52. Bc3 Be3) 52. Nf7+ {[#]} (52. Bxc5+ $1 $11 {was the only way to keep the balance.} Bxc5 53. Nf7+ Kc6 54. d4 $1 {[%mdl 512]}) 52... Kc6 $1 $17 53. Ba3 $2 {[%mdl 8192]} (53. Bc3 $17 Bxc3 54. Rxc3) 53... Kb5 {Black is clearly winning.} 54. Re1 {[#]} (54. Ng5 $142 e5 55. fxe5) 54... Rxa3 $1 $19 {[%mdl 512]} 55. bxa3 b2 56. Ng5 Ka4 57. Nf3 (57. Nxe6 $142 Bc3 58. Rg1) 57... Bc3 {Precision: White = 52%, Black = 63%.} 0-1

[Event "Summer Chess Classic A 2018"]
[Site "Saint Louis"]
[Date "2018.05.17"]
[Round "3"]
[White "Sevian, Samuel"]
[Black "Bok, Benjamin"]
[Result "1-0"]
[WhiteElo "2613"]
[BlackElo "2636"]
[Annotator "TA"]
[PlyCount "117"]
[EventDate "2018.??.??"]
[EventType "tourn"]
[EventCountry "USA"]
[SourceTitle "playchess.com"]
[Source "ChessBase"]
[SourceQuality "1"]

{[%evp 22,117,39,10,8,-1,0,0,21,0,28,0,15,0,35,0,35,7,33,34,41,31,37,32,35,5,50,34,16,0,0,0,0,-3,0,0,35,37,150,144,164,152,141,134,144,18,18,12,9,9,10,11,11,11,11,11,21,13,11,20,82,81,81,81,251,256,256,256,261,256,250,81,81,77,77,77,77,77,77,77,77,77,77,77,77,77,1181,1068,1171,866,29986,29987,29987,29988,29988,29989,29988,29989]} 1. d4 Nf6 2. c4 e6 3. g3 Bb4+ 4. Bd2 Be7 5. Bg2 d5 6. Nf3 O-O 7. O-O c6 8. Qc2 Nbd7 9. Rd1 b6 10. b3 a5 {E11: Bogo-Indian} 11. Bc3 Ne4 12. Bb2 {LiveBook: 6 Games} f5 {The position is equal.} 13. Nc3 {[%cal Bb1c3,Bc3e2,Be2f4][%mdl 32]} Ba6 14. e3 {[#]} Rc8 $146 ({Predecessor:} 14... Qe8 15. Rac1 Rc8 16. Ne5 Nxe5 17. dxe5 b5 18. Bf1 {½-½ (48) Xiong,J (2634)-Vidit,S (2718) Wijk aan Zee 2018}) 15. Rac1 Bd6 16. Ne2 Qe7 17. Nf4 Rfd8 18. Qb1 Bb7 19. Rc2 Nef6 (19... g5 {looks sharper.} 20. Nd3 c5 21. Ba1 a4 22. Nfe5 g4) 20. Ne5 Bb8 21. Nxd7 Nxd7 22. Nd3 Bd6 23. Qc1 h5 24. Nf4 g5 25. Nd3 h4 26. Ne5 hxg3 27. hxg3 Nxe5 28. dxe5 Bb8 29. cxd5 exd5 (29... cxd5 $14 30. Bd4 Rxc2 31. Qxc2 Rc8) 30. e6 $16 Qxe6 31. e4 $1 f4 32. exd5 $1 cxd5 {[#]} 33. Rxc8 ({White has to play} 33. Rxd5 $1 $16 {[%mdl 512]} Rxd5 (33... Bxd5 34. Bxd5) 34. Bxd5 Qxd5 35. Rxc8+ Kf7 36. Qc4 Qxc4 37. Rxc4) 33... Rxc8 $11 34. Qd2 Re8 $1 35. Bxd5 $40 {[%mdl 128] White mounts an attack.} Qxd5 36. Qxd5+ Bxd5 37. Rxd5 fxg3 38. Rxg5+ {[%mdl 4096] Endgame KRB-KRB} Kf7 39. fxg3 Re2 40. Rf5+ Kg6 (40... Ke8 $11 41. Rf2 Re1+ 42. Kh2 Re3) 41. Rf2 $16 Re3 42. Rf6+ Kg5 $2 {[#]} (42... Kh5 $16) 43. Rf8 $1 $18 ({But not} 43. Rxb6 $6 Re8 $16) 43... Re2 {[#]} 44. Bf6+ $1 ({And not} 44. Rxb8 Rxb2 45. Rg8+ (45. Rxb6 Rxa2 46. Re6 Kg4 $11) 45... Kh5 $11) 44... Kg4 45. Rxb8 {Black must now prevent Bd8.} Kxg3 {[%cal Re2e1] KRB-KR} 46. Bc3 $2 (46. Rg8+ $18 {is the precise move to win.} Kh3 47. a4) 46... Rxa2 $16 47. Rxb6 {Kf1 is the strong threat.} Kf3 48. Rb5 {Strongly threatening Rf5+.} a4 49. b4 {[%cal Bb3b4,Bb4b5,Bb5b6,Bb6b7][%mdl 32] Hoping for Ra5.} Rg2+ 50. Kf1 Rc2 51. Rc5 Ke4 52. Be1 Ra2 53. b5 {And now Bc3 would win.} Rb2 $2 {[%mdl 8192]} (53... a3 $16) 54. Bc3 $18 Rc2 55. b6 {White threatens b7 and mate.} a3 56. b7 {White mates.} Rc1+ 57. Ke2 Rb1 58. Rc4+ Kd5 59. Rb4 {Precision: White = 54%, Black = 47%.} 1-0

[Event "Summer Chess Classic A 2018"]
[Site "Saint Louis"]
[Date "2018.05.17"]
[Round "3"]
[White "Indjic, Aleksandar"]
[Black "Prohaszka, Peter"]
[Result "1/2-1/2"]
[WhiteElo "2600"]
[BlackElo "2613"]
[Annotator "TA"]
[PlyCount "90"]
[EventDate "2018.??.??"]
[EventType "tourn"]
[EventCountry "USA"]
[SourceTitle "playchess.com"]
[Source "ChessBase"]
[SourceQuality "1"]

{[%evp 21,90,0,22,-5,0,0,0,-22,-4,-8,-18,-13,-2,-72,-72,-60,-64,-65,-60,-92,-26,-76,-9,-101,-92,-137,-135,-154,-146,-256,-255,-291,-287,-266,-118,-110,-97,-90,-92,-103,-38,-30,-60,-194,-201,-193,-201,-530,-327,-478,-123,-122,-115,-115,0,-42,0,-117,0,0,0,0,0,0,0,0,0,0,0,0,0]} 1. c4 e6 2. Nc3 d5 3. d4 Nf6 4. Bg5 Be7 5. e3 O-O 6. Nf3 h6 7. Bh4 Ne4 8. Bxe7 Qxe7 9. Rc1 c6 10. h4 {D56: Queen's Gambit Declined: Lasker Defence} Nd7 11. g4 {[%cal Bg2g4,Bg4g5][%mdl 32]} Nxc3 {LiveBook: 21 Games} 12. bxc3 (12. Rxc3 {seems wilder.} e5 13. g5 e4 14. Nd2 hxg5 15. cxd5 cxd5 16. Qh5) 12... g6 13. g5 $146 ({Predecessor:} 13. Ne5 Nxe5 14. dxe5 dxc4 15. f4 b5 16. Qf3 Bb7 17. Bg2 Rab8 18. h5 c5 19. Qg3 g5 20. O-O Rbd8 21. fxg5 Bxg2 22. Qxg2 Qxg5 23. Qe4 Rd5 {0-1 (23) Omar,N (2362)-Korneev,O (2621) Baku 2013}) 13... h5 14. cxd5 exd5 15. Bg2 Nb6 16. Ne5 Bf5 17. Bh3 (17. f3 $11) 17... Bxh3 $17 18. Rxh3 Nc4 19. Nxc4 dxc4 20. Qe2 c5 (20... b5 $17) 21. Rf3 b5 (21... cxd4 $17 {And now ...d3 would win.} 22. exd4 Qc7) 22. Rf6 (22. Rf4 $11) 22... cxd4 $1 23. cxd4 Rac8 24. Kf1 b4 {[%cal Bb5b4,Bb4b3][%mdl 32]} 25. e4 (25. Qf3 $17 Rfd8 26. Ra6) 25... b3 $19 26. Rb1 bxa2 27. Ra1 Qa3 (27... Qd7 $19 {has better winning chances.} 28. Kg2 Qxd4 29. Rxa2 c3) 28. Kg2 $17 Qc3 29. Rxa2 Qxd4 30. Rd2 Qe5 (30... Qc5 $17 {White must now prevent ...c3.} 31. Rdd6 a5) 31. f4 $1 $15 {[%cal Rf4e5]} Qe7 {...Rfd8 is the strong threat.} 32. f5 ({White should try} 32. e5 $1 $15) 32... c3 $19 33. Rc2 gxf5 34. Qxh5 $2 (34. e5 {is a better chance.}) 34... Qxe4+ 35. Kf1 (35. Kg1 {was the only defense.} Qd4+ 36. Kh2) 35... Qh1+ $2 ({And not} 35... Qxc2 36. Rg6+ $1 {[%mdl 512]} fxg6 37. Qxg6+ Kh8 38. Qh6+ Kg8 39. Qg6+ Kh8 40. Qh6+ Kg8 41. Qg6+ $11) (35... Qb7 $19 {Threatens to win with ...Qb1+.} 36. Kf2 Rc4) 36. Kf2 $17 Qh2+ 37. Kf1 Qh1+ ({Of course not} 37... Qxc2 $6 38. Rg6+ $1 {[%mdl 512]} fxg6 39. Qxg6+ Kh8 40. Qh6+ Kg8 41. Qg6+ Kh8 42. Qh6+ Kg8 43. Qg6+ $11) (37... Qh3+ $1 $17 38. Kf2 Rc7) 38. Kf2 $15 Qh2+ ({Black should play} 38... Rc7 $15 39. g6 Kg7) 39. Kf1 $17 {[#]} Qf4+ ({Don't play} 39... Qxc2 $6 {[#]} 40. Rg6+ $1 {[%mdl 512]} fxg6 41. Qxg6+ Kh8 42. Qh6+ Kg8 43. Qg6+ Kh8 44. Qh6+ Kg8 45. Qg6+ $11) (39... Qh3+ $1 $17 40. Kf2 Rc7) 40. Rf2 $1 $11 {[%cal Rf2f4] The position is equal.} Qc4+ (40... Qd4 $5 41. g6 $8 Qc4+ 42. Re2 Kg7 43. Rxf7+ Rxf7 44. gxf7 Qf4+ 45. Kg1 Qd4+ 46. Kh1 Qd1+ 47. Kh2 Qd6+ 48. Kh3 Qd3+ 49. Kh2 Qd6+ 50. Kh3 Qd3+ 51. Kh2 Qd6+ $11) 41. Re2 $1 Qf4+ (41... c2 $5 42. Rg6+ $8 fxg6 43. Qxg6+ Kh8 44. Qh6+ Kg8 45. Qg6+ Kh8 46. Qh6+ Kg8 47. Qg6+ $11) 42. Rf2 $1 {[%cal Rf2f4]} Qc4+ (42... Qe4 $5 43. Rg6+ $8 fxg6 44. Qxg6+ Kh8 45. Qh6+ Kg8 46. Qg6+ Kh8 47. Qh6+ Kg8 48. Qg6+ $11) 43. Re2 $1 Qf4+ (43... c2 $5 44. Rg6+ $8 fxg6 45. Qxg6+ Kh8 46. Qh6+ Kg8 47. Qg6+ Kh8 48. Qh6+ Kg8 49. Qg6+ $11) 44. Rf2 $1 {[%cal Rf2f4]} Qc4+ (44... Qe4 $5 45. Rg6+ $8 fxg6 46. Qxg6+ Kh8 47. Qh6+ Kg8 48. Qg6+ Kh8 49. Qh6+ Kg8 50. Qg6+ $11) 45. Re2 $1 Qf4+ {Precision: White = 45%, Black = 39%.} (45... Rfe8 $5 46. Rg6+ $8 fxg6 47. Qxg6+ Kf8 48. Qh6+ Kg8 49. Qg6+ Kh8 50. Qh6+ Kg8 51. Qg6+ $11) 1/2-1/2

[Event "Summer Chess Classic A 2018"]
[Site "Saint Louis"]
[Date "2018.05.18"]
[Round "4"]
[White "Bok, Benjamin"]
[Black "Akobian, Varuzhan"]
[Result "1/2-1/2"]
[WhiteElo "2636"]
[BlackElo "2641"]
[Annotator "TA"]
[PlyCount "143"]
[EventDate "2018.??.??"]
[EventType "tourn"]
[EventCountry "USA"]
[SourceTitle "playchess.com"]
[Source "ChessBase"]
[SourceQuality "1"]

{[%evp 18,143,32,27,29,17,43,39,42,26,46,48,68,0,0,0,0,0,0,0,0,0,0,0,0,0,22,14,16,40,40,-33,0,-73,0,0,0,0,15,0,0,0,0,0,10,0,15,-21,0,-20,-20,-26,-18,-12,-7,-35,-39,-45,-31,-63,0,-124,0,-12,0,0,0,0,0,0,0,-9,0,0,0,-7,0,0,0,0,0,0,0,0,0,0,0,0,0,0,0,0,0,0,0,0,0,0,0,0,37,-12,-9,-14,-16,-41,0,0,0,0,0,0,1282,0,0,0,0,0,0,0,0,0,0,0,0,0,0,0]} 1. e4 e5 2. Nf3 Nf6 3. Nxe5 d6 4. Nf3 Nxe4 5. Nc3 Nxc3 6. dxc3 Be7 7. Be3 Nc6 8. Qd2 Be6 9. O-O-O {C42: Petroff Defence: 3 Nxe5 and unusual White 3rd moves} Qd7 10. a3 {LiveBook: 7 Games} h6 11. Be2 {White has an edge.} a6 12. Nd4 Nxd4 13. Bxd4 $146 ({Predecessor:} 13. cxd4 d5 14. Rhe1 O-O-O 15. Bf4 Bd6 16. Bd3 Rhe8 {½-½ (31) Bok,B (2611)-Kuzubov,Y (2690) Heraklio 2017}) 13... Rg8 14. c4 c5 {[%cal Bc7c5,Bc5c4][%mdl 32]} 15. Be3 (15. Bc3 $14) 15... Qa4 $11 16. Bf3 Qxc4 17. Bxb7 Rb8 $40 {[%mdl 128] Black attacks.} 18. Bd5 Qb5 $1 {[%csl Gb8][%cal Rb5b2]} 19. b3 c4 $1 {[%cal Rc4b3]} 20. b4 a5 {[%cal Ra5b4]} 21. c3 Qa4 22. Qb2 Kd7 23. Be4 Rgd8 24. Kd2 (24. Bd4 $14) 24... Bf6 25. Ke2 (25. Qc2 $11 Qxa3 26. Ra1 Bxc3+ 27. Qxc3 Qxc3+ 28. Kxc3 axb4+ 29. Kc2) 25... Qb5 (25... Qb3 $1 $17 {[%cal Rb3b2]} 26. Qxb3 (26. Qd2 d5 $17) 26... cxb3) 26. f3 Ke7 27. Bd4 Qg5 {White must now prevent ...Bxd4.} 28. Kf2 Bxd4+ 29. Rxd4 d5 30. Bc2 Kf8 31. Re1 Re8 32. Qc1 Qf6 33. Qd2 axb4 34. axb4 Ra8 35. Bb1 Ra3 36. Qe3 Kg8 37. Qc1 Rea8 38. Re2 Rb3 ({Better is} 38... Ra1 $15 39. Qc2 g6) 39. Ra2 (39. Ba2 $11 {remains equal.} Rba3 40. Bb1) 39... Re8 (39... Rxa2+ $17 40. Bxa2 Rxb4 $1 {[%mdl 512]} 41. Rxd5 Bxd5 42. cxb4 Qb6+ 43. Qe3 Qxb4) 40. Bc2 Rxc3 {[#]} 41. Bh7+ $1 {[%mdl 512]} Kxh7 42. Qxc3 Bf5 43. Re2 Rb8 44. Rb2 Rb5 45. Rbd2 Qb6 46. Rb2 Bd3 47. g3 Kg8 48. Kg2 Bf5 49. Qd2 Be6 50. Qc3 Qa7 51. Rd1 Qa4 52. Re1 Qa7 53. Rd1 Qd7 54. Ra2 Qb7 55. Rb2 h5 {[%cal Bh6h5,Bh5h4,Bh4h3][%mdl 32]} 56. Rdd2 Qe7 57. Rd1 h4 58. g4 Qc7 59. Ra2 h3+ 60. Kg1 ({Avoid the trap} 60. Kxh3 $2 {[#]} d4 $1 $19 {[%mdl 512]}) 60... Qb6+ 61. Kh1 {With the idea Ra8+.} Rxb4 62. Ra8+ Kh7 {( -> ...Qf2!)} 63. Qe5 {[%cal Re5h5]} f5 $1 64. Qe1 {Hoping for Qh4+.} Kg6 $2 {[%mdl 8192]} (64... fxg4 $11 65. fxg4 Kg6) 65. Rb8 $2 (65. gxf5+ $18 Bxf5 66. Qe8+ Kg5 67. Qe7+ Qf6 68. Rg1+ Kf4 69. Qxb4 Kxf3 70. Qd2) 65... Qxb8 {The position is equal.} 66. Qxe6+ {[%mdl 4096] Endgame KQR-KQR} Kh7 67. Qxf5+ g6 68. Qf7+ Kh8 $1 {And now ...Qd6 would win.} 69. Qf6+ Kh7 {...Qb7 is the strong threat.} 70. Qf7+ Kh8 $1 {Threatens to win with ...Qd6.} 71. Qf6+ Kh7 {aiming for ...Qb7.} 72. Qf7+ {Precision: White = 61%, Black = 57%.} 1/2-1/2

[Event "Summer Chess Classic A 2018"]
[Site "Saint Louis"]
[Date "2018.05.18"]
[Round "4"]
[White "Zherebukh, Yaroslav"]
[Black "Indjic, Aleksandar"]
[Result "1/2-1/2"]
[WhiteElo "2628"]
[BlackElo "2600"]
[Annotator "TA"]
[PlyCount "61"]
[EventDate "2018.??.??"]
[EventType "tourn"]
[EventCountry "USA"]
[SourceTitle "playchess.com"]
[Source "ChessBase"]
[SourceQuality "1"]

{[%evp 15,61,0,8,6,3,8,12,8,13,0,0,0,0,0,0,0,0,0,0,0,0,0,0,0,0,0,0,6,6,0,19,4,24,24,24,16,27,27,19,8,8,7,9,10,7,6,4,4]} 1. Nf3 Nf6 2. g3 b6 3. Bg2 Bb7 4. O-O c5 5. d3 g6 6. e4 d6 7. Re1 Bg7 {A05: Réti Opening: 1 Nf3 Nf6} 8. Nbd2 (8. c3 O-O 9. Nbd2 Nc6 10. d4 cxd4 11. cxd4 Rc8 12. a3 e5 13. d5 Ne7 14. Nb1 Nd7 15. Nc3 a6 16. h4 h6 17. h5 {1-0 (46) Grigoryan,K (2581)-Margvelashvili,G (2530) chess.com INT 2018}) 8... Nbd7 {LiveBook: 5 Games} 9. a4 O-O 10. Nc4 Qc7 11. Bd2 Rfe8 12. Qc1 a6 $146 ({Predecessor:} 12... e5 13. Bh6 {0-1 (50) Goritsas,C (2150)-Mastrovasilis,A (2335) Thessaloniki 1997}) 13. Bh6 b5 {[#] Strongly threatening ...Bxh6.} 14. Bxg7 Kxg7 15. Ne3 c4 16. axb5 axb5 17. Qd2 Rxa1 18. Rxa1 cxd3 19. cxd3 Rc8 20. Qb4 Qc5 21. Qxc5 Nxc5 22. Bf1 b4 (22... Ne8 {keeps more tension.} 23. b4 Na6 24. Ra5 Nec7 25. Nc2 e5) 23. Ra7 Ra8 24. Rxa8 Bxa8 25. Nd2 Nfd7 26. f3 d5 27. b3 {The position is equal.} dxe4 28. dxe4 Ne5 29. Kf2 Nc6 30. Nc2 Na5 31. Nxb4 {Precision: White = 70%, Black = 80%.} 1/2-1/2